Nové smery rozvoja a perspektívy rómskej národnosti v pluralitnej spoločnosti II

Saved in:
Bibliographic Details
Corporate Authors: Nové smery rozvoja a perspektívy rómskej národnosti v pluralitnej spoločnosti. Medzinárodná konferencia, Trnavská univerzita v Trnave
Other Authors: Kovačič, Vincent
Format: Book
Language:Slovak
Published: Bratislava KONTAKT PLUS, s.r.o. 2005
Subjects:
Tags: Add Tag
No Tags, Be the first to tag this record!

MARC

LEADER 00000nam$a2200000$$$4500
001 0068345
005 20221207101220.5
020 |a 80-88855-63-2 
041 0 |a slo 
044 |a SK 
245 1 0 |a Nové smery rozvoja a perspektívy rómskej národnosti v pluralitnej spoločnosti II  |c Vincent Kovačič a kolektív 
264 1 |a Bratislava  |b KONTAKT PLUS, s.r.o.  |c 2005 
300 |a 151 s. 
610 2 0 |a národnosti 
610 2 0 |a Rómovia 
610 2 0 |a spoločnosť 
610 2 0 |a práva ľudské 
610 2 0 |a rodina 
610 2 0 |a vzdelávanie 
610 2 0 |a komunikácia masová 
700 1 |a Kovačič, Vincent 
110 2 |a Nové smery rozvoja a perspektívy rómskej národnosti v pluralitnej spoločnosti. Medzinárodná konferencia 
710 2 |a Trnavská univerzita v Trnave